LEADER 00990nam a2200241 u 4500 001 000000007576 003 CaOOAMICUS 005 20070226105011.0 008 941103s1943 it u000 u ita u 035 $a10198395 040 $aPUL(R)$bita 100 1 $aGuzzetti, Giovanni Battista.$0(OLS)http://pul/name/7623 245 10$aS. Tommaso /$cG.B. Guzzetti. 260 $aBrescia :$bLa Scuola,$c1943. 300 $a120 p., [1] c. di tav. :$aill. ;$c16 cm 600 04$aThomas Aquinas,$cs.,$dc. 1225-1274$xBiografia.$0(OLS)http://pul/subject/6683 600 04$aThomas Aquinas,$cs.,$dc. 1225-1274$xCritica e interpretazione.$0(OLS)http://pul/subject/435 850 $aPUL 852 $aPUL$W1$xDP1 Fondo Giannini$y60$m1561 D 19$j10694$nBK-PRI$b $qFondi$B10694$CPULBib$Z2$F10694 $H $81 941 1 $a1 961 $aINV: Fondo Giannini 996 $6245$aS. Tommaso$9(OLS)http://pul/title/11073 996 $6260$aBrescia :$bLa Scuola$9(OLS)http://pul/publisher/48404 LEADER 01152nam a2200265 a 4500 001 000000136473 003 CaOOAMICUS 005 20131128114452.0 008 131128m19851986it a u000 u ita r 040 $aPUL$bita 100 1 $aKleist, Heinrich von,$d1777-1811.$0(OLS)http://pul/name/56524 245 10$aAnfitrione /$cdi Heinrich von Kleist ; traduzione di Roberta Paola De Monticelli. 260 $a[S.l.] :$bIl Gruppo della Rocca,$c1985-1986. 300 $a142 p. :$bill. ;$c21 cm 490 1 $aI testi/gli spettacoli ;$v12 500 $aIn testa al front.: Il gruppo della rocca in collaborazione con Regione Piemonte/Assessorato alla cultura. 700 1 $aDe Monticelli, Roberta,$d1952-$0(OLS)http://pul/name/52655 830 0$aTesti/gli spettacoli ;$v12.$0(OLS)http://pul/title/172685 850 $aPUL 852 $aPUL$W1$xDP1 Fondo E. Rossi$y115$m2 D 48$j157197$qFondi$B156666$CPULBib$Z2$F156666 $82 941 1 $a1 961 $aSul dorso collocazione ms. di E. Rossi: IV 52 996 $6245$aAnfitrione$9(OLS)http://pul/title/172684 996 $6260$a[S.l.] :$bIl Gruppo della Rocca$9(OLS)http://pul/publisher/82549